| 000 | 00660cam a2200205 4500 | ||
|---|---|---|---|
| 001 | BARQ000237 | ||
| 008 | 19801980 a eng | ||
| 020 | _a0-312-16635-4 | ||
| 035 | _aBARQ000237 | ||
| 050 | 4 |
_aNA1613 _b.C6 M8 1980 |
|
| 100 | 1 | _aMuriel, Emanuel | |
| 245 | 0 |
_aContemporary architects / _cEmanuel Muriel ; consultor Dennis Sharp ; ed. Colin Naylor, Craig Lerner. |
|
| 260 |
_aNew York : _bSt Martin's Press, _c1980 |
||
| 300 |
_aix, 933 p. ; _c |
||
| 650 | 4 |
_aBiografías _xArquitectos |
|
| 650 | 4 |
_aArquitectos contemporáneos _xBiografías |
|
| 700 | 1 |
_aSharp Dennis., _econsult. |
|
| 700 | 1 |
_aNaylor, Colin., _eed. |
|
| 942 |
_2lcc _cLIB |
||
| 999 |
_c129735 _d129735 |
||